000
00310nam a22001337a 4500
008
170413b xxu||||| |||| 00| 0 eng d
020
_a
9781412902793
041
_a
eng
080
_2
2ND
_a
612.39
100
_a
10
101
_a
SHM
245
_a
COUNSELLING FOR EATING DISORDERS
_c
GILBERT, S
942
_2
udc
_c
BK
999
_c
10644
_d
10644